000 00697nam a2200241 i 4500
001 C2-0191054
003 PPAK
005 20180728095725.0
008 990102s1996 my a|||| ||||| | may d
020 _a9839171089
040 _aPPAK
_beng
_cPPAK
_erda
082 0 4 _a907.2
_2 23
090 0 0 _a907.2
_bUNG
_dKAR
090 0 0 _a907.2
_bUNG
_dKIH
100 0 _aUngku Mohd Zaman Tahir,
_cDrs.
_eauthor
245 1 0 _aSegamat :
_bsejarah dan mitosnya
264 1 _aKota Bahru, Kelantan :
_bAl Kafilah Enterprise ,
_c1996
300 _axii, 174 pages :
_billustrations ;
_c22 cm
336 _2rdacontent
_atext
337 _2rdamedia
_aunmediated
338 _2rdacarrier
_avolume
942 _ddc
_cB
999 _c156277
_d156277